Elements of criticism (Record no. 100892)
[ view plain ]
| 000 -LEADER | |
|---|---|
| fixed length control field | 01796nam a2200433 a 4500 |
| 082 04 - DEWEY DECIMAL CLASSIFICATION NUMBER | |
| Classification number | 801/.95 |
| 100 1# - MAIN ENTRY--AUTHOR NAME | |
| Personal name | Kames, Henry Home, |
| 245 10 - TITLE STATEMENT | |
| Title | Elements of criticism |
| 250 ## - EDITION STATEMENT | |
| Edition statement | 6th ed. |
| 260 ## - PUBLICATION, DISTRIBUTION, ETC. (IMPRINT) | |
| Place of publication | Indianapolis : |
| Name of publisher | Liberty Fund, |
| Year of publication | c2005. |
| 300 ## - PHYSICAL DESCRIPTION | |
| Number of Pages | 2 v. in 1 (xxi, 821) : |
| Other physical details | ill. |
| 490 1# - SERIES STATEMENT | |
| Series statement | Major works of Henry Home, Lord Kames |
| 500 ## - GENERAL NOTE | |
| General note | Originally published: 6th ed. Edinburgh : J. Bell and W. Creech ; London : T. Cadell and G. Robinson, 1785. |
| 650 #0 - SUBJECT ADDED ENTRY--TOPICAL TERM | |
| Topical Term | Criticism. |
| Topical Term | Style, Literary. |
| 700 1# - ADDED ENTRY--PERSONAL NAME | |
| Personal name | Jones, Peter, |
| 856 40 - ELECTRONIC LOCATION AND ACCESS | |
| Uniform Resource Identifier | http://site.ebrary.com/lib/rucke/Doc?id=10613494 |
No items available.
